00725nam a2200169Ia 4500999001700000082001200017100002000029245019800049260003000247300000800277650004700285650005600332650002600388710001600414942001200430952011300442 c10492d10492 aTB.0115 aBhagwati Prasad 0aAgricultural credit, savings and capital assets: structure of assets and borrowings and credit needs at different levels of agricultural technology on the farms of Rampur district Uttar Pradesh c1978bUniversity of Delhi a306 aBank loanszUttar PradeshzRampur District aAgricultural creditzUttar PradeshzRampur District aSaving and investment aNagar, A.L. cTH2ddc 00104070aNASSDOCbNASSDOCd2004-10-08i2004-10-22l0oTB.0115p17829r2019-04-18 00:00:00w2019-04-18yTH